000 00659nam a2200277Ia 4500
005 20260324111907.0
008 008 260324s9999 xx 000 0 eng d
020 _a9781003373025
037 _aEBOOK
040 _aCRL
040 _beng
040 _cCRL
041 _2eng
041 _aeng
084 _qCRL
100 _aMelissa A. Click; Suzanne Scott
_91140449
245 4 _aThe Routledge Companion to Media Fandom
260 _bTaylor and Francis
260 _c2025
365 _a
365 _b360
856 _uhttp://www.taylorfrancis.com/books/9781003373025
942 _cEBOOK
999 _c1729427
_d1729427